REVIEW OF THE WORKING OF THE CONSTITUTION (Record no. 31254)

MARC details
000 -LEADER
fixed length control field 00369nam a22001217a 4500
003 - CONTROL NUMBER IDENTIFIER
control field SGT
082 ## - DEWEY DECIMAL CLASSIFICATION NUMBER
Classification number 342.5406
Item number GOI
100 ## - MAIN ENTRY--PERSONAL NAME
Personal name GOVERNMENT OF INDIA
245 ## - TITLE STATEMENT
Title REVIEW OF THE WORKING OF THE CONSTITUTION
Remainder of title REPORT OF THE NATIONAL COMMISSION TO REVIEW THE WORKING OF THE CONSTITUTION
260 ## - PUBLICATION, DISTRIBUTION, ETC. (IMPRINT)
Place of publication, distribution, etc NEW DELHI
Name of publisher, distributor, etc GOVERNMENT OF INDIA
Year of Publication 2002
300 ## - PAGE DESCRIPTION
No. of Pages 392
942 ## - ADDED ENTRY ELEMENTS (KOHA)
Source of classification or shelving scheme Dewey Decimal Classification
Koha item type Books
Holdings
Withdrawn status Lost status Source of classification or shelving scheme Damaged status Not for loan Collection code Home library Current library Shelving location Date acquired Cost, normal purchase price Volume Information (Serial or Books or Non-Book Material) SGTU Full call number Accession No. (Barcode) Date last seen Bill Date Koha item type Total Checkouts
    Dewey Decimal Classification   Not For Loan LAW SGT Science & Social Sciences Library SGT Science & Social Sciences Library Reference Book 31/05/2025 625.00 1 SGTU 342.5406 GOI FL3822 31/05/2025 31/05/2025 Books  
    Dewey Decimal Classification   Not For Loan LAW SGT Science & Social Sciences Library SGT Science & Social Sciences Library Reference Book 31/05/2025 1125.00 2 BOOK 1 SGTU 342.5406 GOI FL3823 31/05/2025 31/05/2025 Books  
    Dewey Decimal Classification   Not For Loan LAW SGT Science & Social Sciences Library SGT Science & Social Sciences Library Reference Book 31/05/2025 660.00 2 BOOK 2 SGTU 342.5406 GOI FL3824 31/05/2025 31/05/2025 Books  
    Dewey Decimal Classification   Not For Loan LAW SGT Science & Social Sciences Library SGT Science & Social Sciences Library Reference Book 31/05/2025 565.00 2 BOOK 3 SGTU 342.5406 GOI FL3825 31/05/2025 31/05/2025 Books